Vista normal Vista MARC

Entrada Topical Term

Número de registros utilizados en: 1

001 - CONTROL NUMBER

  • control field: 40280

003 - CONTROL NUMBER IDENTIFIER

  • control field: OSt

005 - DATE AND TIME OF LATEST TRANSACTION

  • control field: 20210913120918.0

008 - FIXED-LENGTH DATA ELEMENTS

  • fixed length control field: 210913|| aca||aabn | a|a d

040 ## - CATALOGING SOURCE

  • Original cataloging agency: OSt
  • Transcribing agency: OSt

150 ## - HEADING--TOPICAL TERM

  • Topical term or geographic name entry element: Industria del petróleo
  • General subdivision: Historia
  • General subdivision: Aspectos económicos
  • Geographic subdivision: América Latina
  • Chronological subdivision: Siglo XXI

670 ## - SOURCE DATA FOUND

  • Source citation: Work cat.: (OSt)12423: Hernández Riveros, Luis Humberto autor 12862, La política petrolera en América Latina, 1970-2010 :, 2013.